| 000 | 00417pab a2200157 454500 | ||
|---|---|---|---|
| 008 | 180718b1989 xxu||||| |||| 00| 0 eng d | ||
| 100 | _aChen, Chau - Man | ||
| 245 | _aCurrency substitution, foreign inflation and terms - of - trade dynamics | ||
| 260 | _c1989 | ||
| 300 | _a955-64 | ||
| 362 | _aAug. | ||
| 650 | _aMoney | ||
| 700 | _aTien - wang Tsaur | ||
| 773 | _aJournal of Political Economy | ||
| 909 | _a14152 | ||
| 999 |
_c14152 _d14152 |
||